| 000 | 005760000a22002050004500 | ||
|---|---|---|---|
| 003 | LK-CoMWRAF | ||
| 005 | 20231225161510.0 | ||
| 008 | 230817t1985 ||||| |||| 00| 0 eng d | ||
| 040 |
_aLK-CoMWRAF _dLK-CoMWRAF _eLK-CoMWRAF |
||
| 041 | _aeng | ||
| 082 |
_a305.8 _bSIV |
||
| 100 | _aSivanesan, C. | ||
| 245 | _aA Vision of Sri Lanka for the 21st Century | ||
| 260 |
_b[Colombo] : _aAuthor, _c1985 |
||
| 300 | _a64 p. ; 23 cm. | ||
| 650 | _aTwenty-first century--Forecasts | ||
| 650 | _aSocial prediction--Sri Lanka | ||
| 650 | _aSri Lanka--Ethnic relations | ||
| 942 | _cBK | ||
| 999 |
_c1757 _d1757 |
||